000 00942cam a2200289 4500
001 ABS68778
008 050224n2005 000 0 eng u
035 _a(Sirsi) u128878
100 _aHughes, N.
245 _aValuable reliefs
260 _c2005
490 _aTaxation
_v154(3992) 27 January 2005, 404-406(3)
520 _aExplains how business property and agricultural property reliefs work in relation to inheritance tax, such as who can apply for property reliefs.
590 _aABS
590 _aABS
650 _aBUSINESS PROPERTY
650 _aAGRICULTURAL PROPERTY
650 _aINHERITANCE TAX
650 _aINHERITANCE TAX ACT 1984
650 _aTAX RELIEF
650 _aCIR V GEORGE (STEDMAN DECEASED)
650 _aAGRICULTURAL TENANCIES ACT 1995
650 _aGRAY (SURVIVING EXECUTOR OF LADY FOX) V CIR
650 _aSTOKE AND ANOTHER (BROWNE'S EXECUTORS) V CIR
690 _aTAXATION
942 _n0
999 _c118504
_d118504